Diccionario enciclopédico de derecho usual (Tomo Vl) (Registro nro. 9773)

Detalles MARC
000 -LEADER
fixed length control field 00583nam a2200193Ia 4500
005 - FECHA Y HORA DE LA ÚLTIMA TRANSACCIÓN
control field 20231013111107.0
008 - FIXED-LENGTH DATA ELEMENTS--GENERAL INFORMATION
fixed length control field 231013s9999 xx 000 0 und d
020 ## - INTERNATIONAL STANDARD BOOK NUMBER
International Standard Book Number 950-9065-71-4
040 ## - CATALOGING SOURCE
Original cataloging agency UPAN
Transcribing agency Biblioteca San Vicente
Description conventions RCAA2
041 ## - LANGUAGE CODE
Language code of text/sound track or separate title spa
082 ## - DEWEY DECIMAL CLASSIFICATION NUMBER
Classification number 340.03
Item number C112d
año de publicación 1998
100 ## - MAIN ENTRY--PERSONAL NAME
Personal name Cabanellas, Guillermo
Relator code aut.
245 #0 - TITLE STATEMENT
Title Diccionario enciclopédico de derecho usual (Tomo Vl)
Statement of responsibility, etc Guillermo Caballenas
250 ## - EDITION STATEMENT
Edition statement 26ª ed.
260 ## - PUBLICATION, DISTRIBUTION, ETC. (IMPRINT)
Place of publication, distribution, etc Argentina:
Name of publisher, distributor, etc Eliasta,
Date of publication, distribution, etc 1998
300 ## - PHYSICAL DESCRIPTION
Extent 542 p.;
Dimensions 27 cm.
650 ## - SUBJECT ADDED ENTRY--TOPICAL TERM
Source of heading or term LEMB
Form subdivision Diccionario
General subdivision Derecho
942 ## - ADDED ENTRY ELEMENTS (KOHA)
Koha item type Libros
Source of classification or shelving scheme Dewey Decimal Classification
Existencias
Withdrawn status Lost status Source of classification or shelving scheme Damaged status Not for loan Collection code Home library Current library Date acquired Total Checkouts Full call number Barcode Date last seen Copy number Price effective from Koha item type
    Dewey Decimal Classification     Referencia Biblioteca UPAN San Vicente Biblioteca UPAN San Vicente 13/10/2023   340.03 C112d 12002060 13/10/2023 01 13/10/2023 Referencia